MARC

LEADER 00000nam0a2200000 4500
001 230687
005 20231101231024.0
035 |a (RuTPU)RU\TPU\book\251602 
090 |a 230687 
100 |a 20130124d1945 km y0rusy50 ca 
101 0 |a rus 
102 |a RU 
105 |a a z 001zy 
200 1 |a Применение снега, льда и мерзлых грунтов в строительных целях  |f А. М. Чекотилло  |g Академия наук СССР (АН СССР), Институт мерзлотоведения ; под ред. В. А. Обручева 
210 |a Москва  |c Изд-во АН СССР  |d 1945 
215 |a 64 с.  |c ил. 
317 |5 63413507: КР-415  |a Поступила в НТБ в 2004 г. в составе книжного собрания профессора ТПИ К. В. Радугина 
320 |a Библиогр.: с. 60-63. 
606 1 |a Строительство на мерзлых грунтах  |2 stltpush  |3 (RuTPU)RU\TPU\subj\57910  |9 75759 
606 1 |a Лед  |x Строительный материал  |2 stltpush  |3 (RuTPU)RU\TPU\subj\39921  |9 59819 
610 1 |a мерзлые грунты 
610 1 |a снег 
610 1 |a лед 
610 1 |a физико-механические свойства 
610 1 |a строительные свойства 
610 1 |a применение 
610 1 |a строительные сооружения 
610 1 |a конструирование 
610 1 |a защита 
610 1 |a эксплуатация 
610 1 |a библиотека К. В. Радугина 
675 |a 624.139  |v 3 
675 |a 624.14  |v 3 
700 1 |a Чекотилло  |b А. М.  |c мерзлотовед, доктор технических наук  |f 1886 - 1968  |g Андрей Маркович  |2 stltpush  |3 (RuTPU)RU\TPU\pers\30459 
702 1 |a Обручев  |b В. А.  |c российский геолог  |c профессор Томского технологического института  |c исследователь Сибири, Центральной и Средней Азии  |c географ  |f 1863-1956  |g Владимир Афанасьевич  |2 stltpush  |3 (RuTPU)RU\TPU\pers\996  |4 340 
712 0 2 |a Академия наук СССР (АН СССР)  |b Институт мерзлотоведения  |c (Москва)  |2 stltpush  |3 (RuTPU)RU\TPU\col\18476 
801 1 |a RU  |b 63413507  |c 20130124 
801 2 |a RU  |b 63413507  |c 20181008  |g RCR 
942 |c BK